Every Chuck Jones Tom and Jerry Theatrical Shorts - Statistics

General Stats
  • This quiz has been taken 6 times
  • The average score is 24 of 34
Answer Stats
Year Debut Shorts % Correct
1967 Cat and Dupli-cat
100%
1965 Haunted Mouse
100%
1966 Love Me, Love My Mouse
100%
1966 Matinee Mouse
100%
1963 Pent-House Mouse
100%
1967 Purr-chance to Dream
100%
1967 Rock 'n' Rodent
100%
1964 Snowbody Loves Me
100%
1967 The Mouse from H.U.N.G.E.R
100%
1965 Tom-ic Energy
100%
1967 Advance and Be Mechanized
67%
1965 Ah, Sweet Mouse-Story of Life
67%
1967 Cannery Rodent
67%
1966 Catty Cornered
67%
1966 Duel Personality
67%
1966 Filet Meow
67%
1967 Guided Mouse-ille
67%
1965 I'm Just Wild About Jerry
67%
1964 Is There a Doctor in the Mouse?
67%
1966 Jerry, Jerry, Quite Contrary
67%
1964 Much Ado About Mousing
67%
1965 Of Feline Bondage
67%
1967 O-Solar-Meow
67%
1966 Puss 'n' Boats
67%
1967 Shutter Bugged Cat
67%
1966 The A-Tom-Inable Snowman
67%
1964 The Cat and the Mouse Below
67%
1965 The Year of the Mouse
67%
1965 Bad Day at Cat Rock
33%
1966 Jerry-Go-Round
33%
1967 Surf-Bored Cat
33%
1965 The Brothers Carry-Mouse-Off
33%
1965 The Cat's Me-Ouch
33%
1964 The Unshrinkable Jerry Mouse
33%
No matching quizzes found
Score Distribution
Percent of People with Each Score
Percentile by Number Answered
Your Score History
You have not taken this quiz